Propuesta de un modelo conceptual y estratégico para la planificación académica institucional de la Universidad de Costa Rica para posicionar la salud como producto social

Guardat en:
Dades bibliogràfiques
Autor principal: Fallas Rojas, Yarelis
Altres autors: Jiménez Monge, Karolina
Format: Llibre
Idioma:Spanish
Publicat: [San José, Costa Rica] 2011
Matèries:
Etiquetes: Afegir etiqueta
Sense etiquetes, Sigues el primer a etiquetar aquest registre!

MARC

LEADER 00000nam a22000007a 4500
003 010731
005 20221231143929.0
008 151104b2011 cr a|||| |||| 00| 0 spa d
040 |c cru CEDI  
090 |a TFG 6557 
100 |9 2053  |a Fallas Rojas, Yarelis  
245 |a  Propuesta de un modelo conceptual y estratégico para la planificación académica institucional de la Universidad de Costa Rica para posicionar la salud como producto social 
260 |a [San José, Costa Rica]  |c  2011 
500 |a Proyecto de graduación (licenciatura en ingeniería industrial)--Universidad de Costa Rica. Facultad de Ingeniería. Escuela de Ingeniería Industrial 
650 |x UNIVERSIDAD DE COSTA RICA  |x PLANIFICACION ESTRATEGICA   |x SALUD PUBLICA - ASPECTOS SOCIALES   |9 2055 
700 |9 2054  |a Jiménez Monge, Karolina 
942 |c TFG 
999 |c 14393  |d 14393